Viage á Constantinopla, en el año de 1784 ... / (Record no. 160181)

MARC details
000 -LEADER
campo de control de longitud fija 01360nam a2200277 i 4500
001 - NÚMERO DE CONTROL
campo de control 160181
003 - IDENTIFICADOR DE NÚMERO DE CONTROL
campo de control ES-MaACL
005 - FECHA Y HORA DE LA ÚLTIMA TRANSACCIÓN
campo de control 20250813044446.0
008 - DATOS DE LONGITUD FIJA--INFORMACIÓN GENERAL
campo de control de longitud fija 931025s1790 sp ax |||| | spa d
040 ## - FUENTE DE CATALOGACIÓN
Centro catalogador/agencia de origen CYL
Lengua de catalogación spa
Centro/agencia transcriptor PAB
100 1# - ENTRADA PRINCIPAL--NOMBRE DE PERSONA
Nombre de persona Moreno, José.
9 (RLIN) 130191
245 10 - MENCIÓN DEL TÍTULO
Título Viage á Constantinopla, en el año de 1784 ... /
Mención de responsabilidad, etc. [Joseph Moreno].
260 ## - PUBLICACIÓN, DISTRIBUCIÓN, ETC.
Lugar de publicación, distribución, etc. Madrid :
Nombre del editor, distribuidor, etc. en la Imprenta Real ... siendo su regente D. Lazaro Gayguer,
Fecha de publicación, distribución, etc. 1790.
300 ## - DESCRIPCIÓN FÍSICA
Extensión [16], 360, XXXIII p., [24] h. de grab., [1] h. de map. :
Otras características físicas il. ;
Dimensiones Fol.
510 4# - NOTA DE CITAS O REFERENCIAS BIBLIOGRÁFICAS
Nombre de la fuente Palau, 181861
594 ## - Nota al título y mención de responsabilidad
Nota al título y mención de responsabilidad Autor tomado de la dedicatoria.
596 ## - NOTA AL PIE DE IMPRENTA
NOTA AL PIE DE IMPRENTA El nombre del impresor tomado de colofón.
597 ## - NOTA DE DESCRIPCIÓN FÍSICA
NOTA DE DESCRIPCIÓN FÍSICA Sign. : []\p2\s, a-c\p2\s, A-Z\p2\s, 2A-2Z\p2\s, 3A-3Z\p2\s, 4A-4X\p2\s, A-G\p2\s, H\p3\s.
597 ## - NOTA DE DESCRIPCIÓN FÍSICA
NOTA DE DESCRIPCIÓN FÍSICA Port. con grab. xil. : "J. Maca inv. y dib., J. Vazquez grab. 1790"
599 ## - NOTA A LAS ILUSTRACIONES
NOTA A LAS ILUSTRACIONES Las h. de grab. e ilustraciones xil. : "A. Aguado dib.", "F. Baus'a constr., dib., J. de la Cruz grab. 1790", "A. Fernandez dib., J. Vazquez grab. 1788", "S. Brieva sc., grab.", "J. Velazquez dib., grab.", "J. Barcelon grab. 1787", "J. Enguidanos dib."
700 1# - ENTRADA AGREGADA--NOMBRE PERSONAL
Nombre de persona Gayguer, Lázaro
Término indicativo de función/relación
9 (RLIN) 127269
710 2# - ENTRADA AGREGADA--NOMBRE DE ENTIDAD CORPORATIVA
Nombre de entidad corporativa o nombre de jurisdicción como elemento de entrada Imprenta Real (Madrid)
Término indicativo de función/relación
9 (RLIN) 134468
752 ## - ENTRADA AGREGADA--NOMBRE JERÁRQUICO DEL LUGAR
País o entidad superior España -
Ciudad Madrid
852 ## - LOCALIZACIÓN
Ubicación ES-MaACL
Número de control de estantería R-2644
Nota libre -- Enc. pasta
Encuadernación Olim: G-1666
Holdings
Estatus retirado Estado de pérdida Estado de daño No para préstamo Colección Biblioteca de origen Biblioteca actual Ubicación en estantería Fecha de adquisición Fuente de adquisición Total de préstamos Signatura topográfica completa Código de barras Visto por última vez Precio de reemplazo Tipo de ítem Koha
        Libros del s. XVIII Biblioteca del Ateneo de Madrid Biblioteca del Ateneo de Madrid Depósito 17/01/2008     R-2644 1167700 23/02/2023 23/02/2023 Libro impreso antiguo